Труды Института. Т.77: Кэтиологии кольцевидной гранулемы | Некоторые показатели белкового обмена и гистохимических показателей исследований у больных кольцевидной гранулемой (Запись № 3594535)
[ простой вид ]
| 000 -МАРКЕР | |
|---|---|
| контрольное поле | 01973nam2a22002771 4500 |
| 001 - ИДЕНТИФИКАТОР ЗАПИСИ | |
| контрольное поле | RU\NLR\INFOCOMM44\1000038559 |
| 005 - ИДЕНТИФИКАТОР ВЕРСИИ | |
| контрольное поле | 20250617130623.0 |
| 035 ## - ДРУГИЕ СИСТЕМНЫЕ НОМЕРА | |
| Идентификатор записи | (NLR Aleph) 002618495 |
| 100 ## - ДАННЫЕ ОБЩЕЙ ОБРАБОТКИ | |
| Данные общей обработки | 20040617d1967 |||y0rusy50 ca |
| 101 0# - ЯЗЫК РЕСУРСА | |
| Язык текста, звукозаписи и т.д. | русский |
| 102 ## - СТРАНА ПУБЛИКАЦИИ ИЛИ ПРОИЗВОДСТВА | |
| Страна публикации | Российская Федерация |
| 105 ## - ПОЛЕ КОДИРОВАННЫХ ДАННЫХ: ТЕКСТОВЫЕ МАТЕРИАЛЫ, МОНОГРАФИЧЕСКИЕ | |
| Кодированные данные о монографическом текстовом документе | y ||||||||| |
| 200 1# - ЗАГЛАВИЕ И СВЕДЕНИЯ ОБ ОТВЕТСТВЕННОСТИ | |
| Основное заглавие | Кэтиологии кольцевидной гранулемы |
| -- | Некоторые показатели белкового обмена и гистохимических показателей исследований у больных кольцевидной гранулемой |
| Первые сведения об ответственности | В.И. Сяно |
| 210 ## - ПУБЛИКАЦИЯ, РАСПРОСТРАНЕНИЕ И ДР. | |
| Дата издания, распространения и т.д. | 1967 |
| Место издания, распространения и т.д. | Б. м. |
| 225 1# - СЕРИЯ | |
| Основное заглавие серии | ... |
| Обозначение тома | Т.77 |
| Наименование части | ... |
| Обозначение тома | Вып.3 |
| 461 #0 - УРОВЕНЬ НАБОРА | |
| Встроенное поле | 001RU\NLR\INFOCOMM44\1000038388 |
| -- | 2001#$aТруды Института$fПермский гос. мед. ин-т$vТ.77 |
| Системный номер (АБИС) связанной записи | 3593399 |
| Автор | Пермский медицинский институт |
| Место публикации | Пермь |
| Дата публикации | 1933- |
| Первые сведения об ответственности | Пермский гос. мед. ин-т |
| Заглавие | Труды Института |
| Номер тома | Т.77 |
| 462 #0 - УРОВЕНЬ ПОДНАБОРА | |
| Встроенное поле | 001RU\NLR\INFOCOMM44\1000038556 |
| -- | 2001#$aНаучные записки Кафедры кожных и венерических болезней$fПермский гос. мед. ин-т. Пермское отд-ние Всерос. науч. о-ва дермато-венерологов$vВып.3 |
| Системный номер (АБИС) связанной записи | 3594508 |
| Автор | Пермский медицинский институт. Кафедра кожных и венерических болезней |
| Место публикации | Пермь |
| Дата публикации | 1963-1975 |
| Первые сведения об ответственности | Пермский гос. мед. ин-т. Пермское отд-ние Всерос. науч. о-ва дермато-венерологов |
| Заглавие | Труды Института. - Научные записки Кафедры кожных и венерических болезней |
| Номер тома | Вып.3 |
| 700 #1 - ИМЯ ЛИЦА - ПЕРВИЧНАЯ ОТВЕТСТВЕННОСТЬ | |
| Начальный элемент ввода | Сяно |
| Часть имени, кроме начального элемента ввода | В.И. |
| Код отношения | Автор |
| 801 #1 - ИСТОЧНИК ЗАПИСИ | |
| Страна | Российская Федерация |
| Организация | InfoComm |
| Дата составления | 20040617 |
| 801 #0 - ИСТОЧНИК ЗАПИСИ | |
| Страна | Российская Федерация |
| Организация | NLR |
| Правила каталогизации | PSBO |
| 852 ## - МЕСТОНАХОЖДЕНИЕ И ШИФР ХРАНЕНИЯ | |
| Идентификатор организации | NLR |
| Шифр хранения (Call Number) | П16/33 |
| 942 ## - ДОПОЛНИТЕЛЬНЫЕ ЭЛЕМЕНТЫ ЗАПИСИ (АБИС) | |
| Тип экземпляра АБИС | Выпуск |
| 980 ## - КОЛЛЕКЦИЯ | |
| Название коллекции | Национальная библиография |
| 980 ## - КОЛЛЕКЦИЯ | |
| Название коллекции | Русская периодика |
Нет доступных экземпляров.